Famous People Quiz Part 6 - Statistics

General Stats
  • This quiz has been taken 16 times
  • The average score is 5 of 15
Answer Stats
Picture Hint Answer % Correct
Mother Teresa
100%
Owners name Noah
100%
Name of this award Nobel Peace
67%
Guy on the right John
58%
Sheldon
42%
Arnold
33%
Napoleon Dynamite
33%
Terry Crews
25%
George
17%
Dan Marino
8%
Someone you know Connor Huben
0%
Job
0%
Joe Montana
0%
Martin Buren
0%
Niche Albanian Person Skenderbeu
0%
No matching quizzes found
Score Distribution
Percent of People with Each Score
Percentile by Number Answered
Your Score History
You have not taken this quiz